[Event "Sommerschach 2022 Hobbyspieler"]
[Site "Dortmund"]
[Date "2022.07.07"]
[Round "4.7"]
[White "Wang, Yihua"]
[Black "Frölich, Andreas"]
[Result "0-1"]
[WhiteElo "1200"]
[BlackElo "1123"]
[PlyCount "46"]
[EventDate "2022.07.??"]
[EventType "tourn"]
[EventRounds "7"]
[WhiteTeam "SC Hansa Dortmund"]
[BlackTeam "SV Rochade Eving"]

1. e4 e5 2. Nf3 Nc6 3. Bb5 a6 4. Ba4 Nf6 5. Nc3 Bc5 6. Qe2 O-O 7. O-O d6 8. Nd5
Nxd5 9. exd5 Nd4 10. Nxd4 Bxd4 11. c3 Ba7 12. d4 exd4 13. c4 Bd7 14. Bc2 h6 15.
Bd3 Re8 16. Qd1 b5 17. b3 bxc4 18. bxc4 c6 19. Bb2 cxd5 20. cxd5 Bb5 21. a4
Bxd3 22. Qxd3 Qa5 23. Rfe1 Rxe1+ 0-1

[Event "Sommerschach 2022 Hobbyspieler"]
[Site "Dortmund"]
[Date "2022.07.07"]
[Round "4.8"]
[White "Allen, Sabrina"]
[Black "Handoulla, Bilal"]
[Result "0-1"]
[WhiteElo "773"]
[BlackElo "1200"]
[PlyCount "74"]
[EventDate "2022.07.??"]
[EventType "tourn"]
[EventRounds "7"]
[WhiteTeam "SV Erkenschwick"]

1. c4 e5 2. Nc3 Bc5 3. g3 Nf6 4. e3 d5 5. Bg2 Nc6 6. Nge2 Bg4 7. O-O O-O 8. f3
Bf5 9. d4 Bb6 10. f4 e4 11. b3 Qd7 12. cxd5 Ne7 13. Ba3 Nexd5 14. Nxd5 c5 15.
Nec3 Nxd5 16. Qd2 Rac8 17. Nxe4 Ba5 18. Nf6+ gxf6 19. Qxa5 Nxe3 20. Rf2 Nxg2
21. Kxg2 Qd5+ 22. Rf3 Bh3+ 23. Kxh3 Qxf3 24. dxc5 Qd5 25. c6 Qxa5 26. cxb7 Qh5+
27. Kg2 Qd5+ 28. Kh3 Qxb7 29. Bxf8 Kxf8 30. Re1 Qd7+ 31. g4 Qd2 32. Re4 Qd3+
33. Kh4 Qxe4 34. f5 Kg7 35. Kh5 Rc3 36. h4 Qf4 37. a3 Qh6# 0-1

[Event "Sommerschach 2022 Hobbyspieler"]
[Site "Dortmund"]
[Date "2022.07.07"]
[Round "4.9"]
[White "Martins, Arne"]
[Black "Buntscheck, Stefan"]
[Result "0-1"]
[WhiteElo "793"]
[BlackElo "1200"]
[PlyCount "136"]
[EventDate "2022.07.??"]
[EventType "tourn"]
[EventRounds "7"]
[WhiteTeam "SV Erkenschwick"]

1. e4 c5 2. Nf3 Nc6 3. Bc4 e6 4. e5 g6 5. d4 b6 6. d5 exd5 7. Bxd5 Qe7 8. Qe2
Bg7 9. Bxc6 dxc6 10. Bg5 Qc7 11. Bf6 Nxf6 12. exf6+ Kf8 13. fxg7+ Kxg7 14. Qe5+
Qxe5+ 15. Nxe5 Bb7 16. O-O Rhe8 17. Re1 Re7 18. Nc3 Rae8 19. f4 f6 20. Nd3 c4
21. Rxe7+ Rxe7 22. Nf2 f5 23. h3 Bc8 24. g4 b5 25. a3 a6 26. gxf5 Bxf5 27. Rc1
a5 28. b4 Re3 29. Nb1 axb4 30. axb4 h5 31. c3 Kh6 32. Kg2 g5 33. fxg5+ Kxg5 34.
Rh1 h4 35. Rd1 Bc2 36. Rc1 Re2 37. Kf3 Bd3 38. Nxd3 cxd3 39. Rd1 Rb2 40. Rg1+
Kh5 41. Kf4 Rf2+ 42. Ke3 Re2+ 43. Kxd3 Re6 44. c4 Rd6+ 45. Kc3 Rf6 46. cxb5
cxb5 47. Na3 Rf3+ 48. Kb2 Rxh3 49. Nxb5 Rh2+ 50. Kb3 h3 51. Nd4 Rg2 52. Rh1 Kg4
53. Nf3 Rg3 54. Rxh3 Kxh3 55. Ka4 Rxf3 56. Ka5 Ra3+ 57. Kb5 Kg4 58. Kc4 Kf5 59.
b5 Ke6 60. Kc5 Kd7 61. Kb6 Kc8 62. Kc6 Ra8 63. b6 Rb8 64. Kb5 Kd7 65. Kc5 Rc8+
66. Kb5 Rc1 67. Ka6 Kc6 68. b7 Ra1# 0-1

[Event "Sommerschach 2022 Hobbyspieler"]
[Site "Dortmund"]
[Date "2022.07.07"]
[Round "4.10"]
[White "Groß, Josephine Hannah"]
[Black "Knöner, Horst"]
[Result "0-1"]
[WhiteElo "1200"]
[BlackElo "959"]
[PlyCount "102"]
[EventDate "2022.07.??"]
[EventType "tourn"]
[EventRounds "7"]
[WhiteTeam "SV Erkenschwick"]

1. d4 d5 2. Nc3 e6 3. e4 Bb4 4. a3 Bxc3+ 5. Bd2 Bxb2 6. Ra2 Bxd4 7. Nf3 Bb6 8.
Bc3 f6 9. e5 f5 10. Ng5 Qxg5 11. Bd2 f4 12. h4 Qxe5+ 13. Be2 Nf6 14. O-O O-O
15. h5 h6 16. Qa1 d4 17. c3 Qxe2 18. Bxf4 Nxh5 19. Rxe2 Nxf4 20. Re4 Nc6 21. g3
Nh3+ 22. Kg2 e5 23. g4 Nf4+ 24. Kf3 Nd5+ 25. Ke2 Bxg4+ 26. Rxg4 Nf4+ 27. Kf3
Nh5+ 28. Ke2 Nf4+ 29. Kd2 Rad8 30. a4 Ba5 31. Qa2+ Kh7 32. Qb1+ d3 33. Re1 Bb6
34. Reg1 g5 35. a5 Bxf2 36. Rf1 Ne2 37. Qxb7 Nxa5 38. Qxc7+ Kg6 39. Qxa5 h5 40.
Qa6+ Rf6 41. Qa5 Rd7 42. Rc4 Kf5 43. Rxf2+ Kg6 44. Qa6 Rxa6 45. Re4 Ra2+ 46.
Ke3 Rc2 47. c4 a5 48. Rxe5 d2 49. Re6+ Kg7 50. Re7+ Rxe7+ 51. Kd3 d1=Q# 0-1

[Event "Sommerschach 2022 Hobbyspieler"]
[Site "Dortmund"]
[Date "2022.07.07"]
[Round "4.11"]
[White "Kasnatschenko, Ilayda"]
[Black "Gicu, Saim"]
[Result "1-0"]
[WhiteElo "1200"]
[BlackElo "1200"]
[PlyCount "139"]
[EventDate "2022.07.??"]
[EventType "tourn"]
[EventRounds "7"]
[WhiteTeam "SV Waltrop"]
[BlackTeam "SC Scharnhorst"]

1. e4 e5 2. Nf3 d5 3. Bd3 Nc6 4. Nc3 d4 5. Nd5 f6 6. Bc4 Nge7 7. d3 Bg4 8. h3
Bh5 9. Bd2 Qd7 10. Qe2 O-O-O 11. O-O-O Nxd5 12. Bxd5 Bb4 13. g4 Bf7 14. Bb3
Bxb3 15. cxb3 Bxd2+ 16. Nxd2 Nb8 17. Kb1 Na6 18. a3 Qe6 19. Rc1 Rd7 20. Nc4 Kb8
21. Qd2 Nc5 22. Qd1 Rc8 23. b4 Na6 24. Nd2 Qd6 25. Rc4 Ka8 26. Qc1 c6 27. Nb3
Rdc7 28. Na5 b5 29. Rc2 Nxb4 30. Rd2 Na6 31. f3 c5 32. Rhh2 c4 33. dxc4 Qb6 34.
Nb3 bxc4 35. Na1 c3 36. Rde2 Nc5 37. Ka2 Nd3 38. Qd1 cxb2 39. Rxb2 Nxb2 40.
Rxb2 Qe6+ 41. Kb1 Rc1+ 42. Qxc1 Rxc1+ 43. Kxc1 Qc4+ 44. Nc2 Qf1+ 45. Kd2 Qxf3
46. Kc1 d3 47. Nb4 Qf1+ 48. Kd2 Qe2+ 49. Kc3 Qxb2+ 50. Kxb2 Kb7 51. Nxd3 Kc6
52. Kc3 Kb5 53. Kb3 a5 54. Nb2 Kc5 55. a4 Kd4 56. Nc4 Kxe4 57. Nxa5 Kd5 58. Kc3
e4 59. Kd2 g6 60. Nb7 f5 61. a5 Kc6 62. a6 Kb6 63. Nc5 fxg4 64. hxg4 h5 65. Ke3
hxg4 66. Kxe4 g5 67. Ke3 g3 68. Kf3 Kxc5 69. a7 g4+ 70. Kxg3 1-0

[Event "Sommerschach 2022 Vereinsspieler"]
[Site "Dortmund"]
[Date "2022.07.11"]
[Round "5.1"]
[White "Huckebrink, Chris"]
[Black "Luft, Dennis"]
[Result "1/2-1/2"]
[WhiteElo "2042"]
[BlackElo "2308"]
[PlyCount "31"]
[EventDate "2022.07.??"]
[EventType "tourn"]
[EventRounds "7"]
[WhiteTeam "SV Ahlen"]
[BlackTeam "SF Brackel"]

1. e4 e5 2. Nf3 Nc6 3. d4 exd4 4. Nxd4 Nf6 5. Nxc6 bxc6 6. Bd3 d5 7. exd5 cxd5
8. O-O Be7 9. c4 c6 10. Nc3 O-O 11. Qc2 h6 12. Bf4 Bd6 13. Bxd6 Qxd6 14. cxd5
cxd5 15. Nb5 Qb6 16. Qc7 1/2-1/2

[Event "Sommerschach 2022 Vereinsspieler"]
[Site "Dortmund"]
[Date "2022.07.11"]
[Round "5.2"]
[White "Mann, Gergely"]
[Black "Arakelian, Aik"]
[Result "1/2-1/2"]
[WhiteElo "1653"]
[BlackElo "2015"]
[PlyCount "22"]
[EventDate "2022.07.??"]
[EventType "tourn"]
[EventRounds "7"]
[WhiteTeam "SF Essen-Werden"]
[BlackTeam "SG Ennepe-Ruhr-Süd"]

1. e4 c5 2. Nf3 e6 3. d4 cxd4 4. Nxd4 Nc6 5. Bf4 a6 6. Nxc6 bxc6 7. Bd3 Qb6 8.
O-O Qxb2 9. Nd2 Qf6 10. Bg3 d5 11. exd5 cxd5 1/2-1/2

[Event "Sommerschach 2022 Vereinsspieler"]
[Site "Dortmund"]
[Date "2022.07.11"]
[Round "5.3"]
[White "Kasapchuk, Oleksandr"]
[Black "Zelt, Jens"]
[Result "1/2-1/2"]
[WhiteElo "1581"]
[BlackElo "2073"]
[PlyCount "50"]
[EventDate "2022.07.??"]
[EventType "tourn"]
[EventRounds "7"]
[WhiteTeam "SF Brackel"]
[BlackTeam "SC Hansa Dortmund"]

1. e4 c5 2. Nf3 d6 3. d4 cxd4 4. Nxd4 Nf6 5. Nc3 a6 6. Bg5 Nbd7 7. Be2 e6 8.
O-O Be7 9. Kh1 O-O 10. f4 Qc7 11. Bf3 Re8 12. Qe1 Nf8 13. Qg3 Kh8 14. Rae1 Ng8
15. f5 Bf6 16. Bxf6 Nxf6 17. Rd1 N8d7 18. fxe6 fxe6 19. Bg4 Ne5 20. Bh3 Bd7 21.
Nf3 Rf8 22. Nxe5 dxe5 23. Rf3 Rae8 24. Rdf1 Qd6 25. Qh4 Ng8 1/2-1/2

[Event "Sommerschach 2022 Vereinsspieler"]
[Site "Dortmund"]
[Date "2022.07.11"]
[Round "5.4"]
[White "Peters, Michael"]
[Black "Jochmann, Christian"]
[Result "1/2-1/2"]
[WhiteElo "1987"]
[BlackElo "1995"]
[PlyCount "23"]
[EventDate "2022.07.??"]
[EventType "tourn"]
[EventRounds "7"]
[WhiteTeam "Bochumer SV"]
[BlackTeam "SC Doppelbauer Brambauer"]

1. d4 Nf6 2. c4 e6 3. a3 d5 4. Nc3 Be7 5. e3 O-O 6. Nf3 b6 7. b4 a5 8. Rb1 axb4
9. axb4 c5 10. bxc5 bxc5 11. dxc5 Bxc5 12. cxd5 1/2-1/2

[Event "Sommerschach 2022 Vereinsspieler"]
[Site "Dortmund"]
[Date "2022.07.11"]
[Round "5.5"]
[White "Krause, Dieter"]
[Black "Bungarten, Jona"]
[Result "0-1"]
[WhiteElo "2030"]
[BlackElo "1843"]
[PlyCount "82"]
[EventDate "2022.07.??"]
[EventType "tourn"]
[EventRounds "7"]
[WhiteTeam "SV Rochade Eving"]
[BlackTeam "SF Brackel"]

1. Nf3 d5 2. d4 Nf6 3. c4 e6 4. g3 dxc4 5. Bg2 Nbd7 6. O-O c6 7. a4 Be7 8. Qc2
b6 9. Qxc4 Bb7 10. Nc3 c5 11. Bg5 Rc8 12. Rfd1 O-O 13. Qd3 cxd4 14. Qxd4 Bc5
15. Qd2 h6 16. Bxf6 Nxf6 17. Qxd8 Rfxd8 18. e3 Nd5 19. Nd4 Nxc3 20. bxc3 Bxg2
21. Kxg2 Kf8 22. Ne2 Ke7 23. Kf3 e5 24. g4 Rxd1 25. Rxd1 Ke6 26. Nc1 Ba3 27.
Na2 Rc5 28. e4 Ra5 29. Rd2 Rxa4 30. Ke3 Bc5+ 31. Kd3 a5 32. f3 b5 33. Rb2 Kd6
34. Kc2 Kc6 35. h3 b4 36. Kb3 Ra3+ 37. Kc4 b3 38. Nc1 a4 39. Nd3 Bd6 40. Rb1
Ra2 41. Nb2 a3 0-1

[Event "Sommerschach 2022 Vereinsspieler"]
[Site "Dortmund"]
[Date "2022.07.11"]
[Round "5.6"]
[White "Kruse, Victor"]
[Black "Poggemann, Alexander"]
[Result "1-0"]
[WhiteElo "1733"]
[BlackElo "1829"]
[PlyCount "39"]
[EventDate "2022.07.??"]
[EventType "tourn"]
[EventRounds "7"]
[WhiteTeam "SK Köln-Südwest"]
[BlackTeam "SV Hemer"]

1. d4 Nf6 2. c4 g6 3. Nc3 d5 4. Nf3 Bg7 5. Qb3 dxc4 6. Qxc4 c6 7. e4 O-O 8. Be2
Be6 9. Qd3 Nbd7 10. Ng5 b5 11. Nxe6 fxe6 12. e5 Nd5 13. O-O N7b6 14. f4 a6 15.
Ne4 Nc4 16. b3 Nb4 17. Qc3 Nd5 18. Qh3 Nc7 19. Rd1 Nb6 20. Ng5 1-0

[Event "Sommerschach 2022 Vereinsspieler"]
[Site "Dortmund"]
[Date "2022.07.11"]
[Round "5.7"]
[White "Morawietz, Manuel"]
[Black "Koch, Burkhard"]
[Result "1-0"]
[WhiteElo "1928"]
[BlackElo "1762"]
[PlyCount "67"]
[EventDate "2022.07.??"]
[EventType "tourn"]
[EventRounds "7"]
[WhiteTeam "SV Unna"]
[BlackTeam "SG Wanne"]

1. e4 e6 2. d4 d5 3. Nc3 Nf6 4. e5 Nfd7 5. f4 c5 6. Nf3 a6 7. Be3 Nc6 8. a3 b5
9. Ne2 c4 10. Ng3 Ne7 11. Bf2 Nb6 12. Be2 h6 13. O-O Bd7 14. Nh5 Qc7 15. g4 Na4
16. Qc1 O-O-O 17. Bh4 Re8 18. Rf2 Ng6 19. Bg3 Qa7 20. c3 Rg8 21. Qc2 Be7 22.
Re1 Qb7 23. Bf1 Qc6 24. Bh3 Nf8 25. f5 g6 26. fxg6 Nxg6 27. Nf6 Bxf6 28. exf6
Rh8 29. Ne5 Nxe5 30. Rxe5 Reg8 31. Qd2 Kb7 32. Qf4 Nb6 33. Rh5 Rg5 34. Rxh6 1-0

[Event "Sommerschach 2022 Vereinsspieler"]
[Site "Dortmund"]
[Date "2022.07.11"]
[Round "5.8"]
[White "Melmer, Felix"]
[Black "Schulz, Dennis"]
[Result "1-0"]
[WhiteElo "2031"]
[BlackElo "1599"]
[PlyCount "55"]
[EventDate "2022.07.??"]
[EventType "tourn"]
[EventRounds "7"]
[BlackTeam "SV Rochade Eving"]

1. d4 Nf6 2. c4 e6 3. Bg5 d5 4. cxd5 exd5 5. Nc3 c6 6. e3 Bf5 7. Qf3 Bg6 8.
Bxf6 Qxf6 9. Qxf6 gxf6 10. Nf3 Bg7 11. Nh4 O-O 12. f4 f5 13. Bd3 Bf6 14. Nxf5
Re8 15. Kf2 Nd7 16. g4 Bd8 17. g5 Kh8 18. h4 h5 19. Ne2 c5 20. Neg3 c4 21. Be2
f6 22. Bxh5 Bxh5 23. Nxh5 fxg5 24. hxg5 Kg8 25. Rh3 Nf8 26. Rah1 Ng6 27. Nhg3
Bc7 28. Rh7 1-0

[Event "Sommerschach 2022 Vereinsspieler"]
[Site "Dortmund"]
[Date "2022.07.11"]
[Round "5.9"]
[White "Atali, Dogukan"]
[Black "Bilenko, Yaroslav"]
[Result "1/2-1/2"]
[WhiteElo "1811"]
[BlackElo "1568"]
[PlyCount "91"]
[EventDate "2022.07.??"]
[EventType "tourn"]
[EventRounds "7"]
[WhiteTeam "SV Waltrop"]

1. e4 c5 2. Nf3 d6 3. Bb5+ Nd7 4. O-O a6 5. Bd3 Ngf6 6. c3 g6 7. Re1 Bg7 8. Bc2
c4 9. a4 b6 10. Qe2 Bb7 11. Qxc4 Qc8 12. Qe2 Nc5 13. d3 O-O 14. Nbd2 e5 15. d4
exd4 16. cxd4 Ne6 17. Nf1 Re8 18. Ng3 Ng4 19. Bd3 f5 20. h3 Bxe4 21. Bxe4 fxe4
22. Qxe4 Nxd4 23. Qxe8+ Qxe8 24. Rxe8+ Rxe8 25. hxg4 Nxf3+ 26. gxf3 Re1+ 27.
Kg2 Bh6 28. Ne2 d5 29. g5 Bxg5 30. f4 Bf6 31. Kf3 d4 32. Ra3 h5 33. Bd2 Rd1 34.
Rd3 Rb1 35. b3 Kf7 36. Ke4 Rf1 37. Rf3 Rd1 38. Rd3 Rf1 39. Nxd4 Rxf2 40. Be3
Rb2 41. Kf3 h4 42. Kg4 Rg2+ 43. Kf3 Rb2 44. Kg4 Rg2+ 45. Kf3 Rb2 46. Kg4
1/2-1/2

[Event "Sommerschach 2022 Vereinsspieler"]
[Site "Dortmund"]
[Date "2022.07.11"]
[Round "5.10"]
[White "Tomasjan, Samuel"]
[Black "Feldhaus, Thomas"]
[Result "1-0"]
[WhiteElo "1741"]
[BlackElo "1690"]
[PlyCount "121"]
[EventDate "2022.07.??"]
[EventType "tourn"]
[EventRounds "7"]
[WhiteTeam "SF Brackel"]
[BlackTeam "SV Recklinghausen-Süd"]

1. e4 e6 2. d4 d5 3. exd5 exd5 4. Nf3 Bd6 5. Bd3 Nc6 6. c3 Nge7 7. Qc2 Bg4 8.
Nbd2 Qd7 9. O-O O-O-O 10. b4 Bf5 11. Nb3 Bxd3 12. Qxd3 Qf5 13. Qb5 Rde8 14. Nc5
Nd8 15. Qa4 Kb8 16. Re1 f6 17. b5 g5 18. Be3 h5 19. c4 h4 20. Nd2 g4 21. Qd1 g3
22. h3 gxf2+ 23. Bxf2 Bh2+ 24. Kf1 Bg3 25. Qf3 Bxf2 26. Kxf2 dxc4 27. Nxc4
Qxf3+ 28. Kxf3 Nf5 29. Rxe8 Rxe8 30. Nb3 Ne6 31. Rd1 Kc8 32. Kg4 Neg7 33. Rf1
Re4+ 34. Rf4 Rxf4+ 35. Kxf4 Ng3 36. Kg4 N7f5 37. Ncd2 Kd7 38. Nc5+ Kd6 39.
Nxb7+ Kd5 40. Nf3 Kc4 41. a4 Kb4 42. Nc5 Ka5 43. Nxh4 Nxh4 44. Kxh4 Nf5+ 45.
Kh5 Nxd4 46. Kg6 Kb4 47. Na6+ Kxa4 48. Nxc7 Nxb5 49. Na6 Nd6 50. Kxf6 Kb5 51.
Nc7+ Kb6 52. Nd5+ Kc5 53. Nc3 a5 54. h4 Kb4 55. h5 Kxc3 56. h6 Ne4+ 57. Kg6 a4
58. h7 Kb3 59. h8=Q Nc3 60. Qb8+ Kc2 61. Qb4 1-0

[Event "Sommerschach 2022 Vereinsspieler"]
[Site "Dortmund"]
[Date "2022.07.11"]
[Round "5.11"]
[White "Webner, Dennis"]
[Black "Wieschermann, Axel"]
[Result "1-0"]
[WhiteElo "2136"]
[BlackElo "1630"]
[PlyCount "57"]
[EventDate "2022.07.??"]
[EventType "tourn"]
[EventRounds "7"]
[WhiteTeam "TuS Varrel"]
[BlackTeam "SG Winz-Baak"]

1. d4 Nf6 2. Nf3 c5 3. c3 Qa5 4. Nbd2 g6 5. Nb3 Qb6 6. Nxc5 Bg7 7. e3 d6 8. Nb3
Bg4 9. h3 Bd7 10. Bd3 O-O 11. O-O Nh5 12. e4 Nc6 13. Be3 Qc7 14. Rc1 Qc8 15.
Re1 h6 16. Nbd2 Bxh3 17. gxh3 Qxh3 18. Nh2 f5 19. exf5 gxf5 20. Bf1 Qh4 21.
Ndf3 Qf6 22. d5 Qg6+ 23. Kh1 Ne5 24. Nxe5 Bxe5 25. Be2 Bxh2 26. Bxh5 Qf6 27.
Kxh2 Qh4+ 28. Kg2 Kh7 29. Qf3 1-0

[Event "Sommerschach 2022 Vereinsspieler"]
[Site "Dortmund"]
[Date "2022.07.11"]
[Round "5.12"]
[White "Dahlbeck, Mirko"]
[Black "Allen, Phillipp"]
[Result "1-0"]
[WhiteElo "2060"]
[BlackElo "1618"]
[PlyCount "71"]
[EventDate "2022.07.??"]
[EventType "tourn"]
[EventRounds "7"]
[WhiteTeam "Sport Union Annen"]
[BlackTeam "SV Erkenschwick"]

1. e4 c6 2. d4 d5 3. exd5 cxd5 4. Bd3 Nc6 5. c3 Nf6 6. h3 g6 7. Nf3 Bg7 8. Bf4
O-O 9. O-O Bf5 10. Bxf5 gxf5 11. Ne5 Nd7 12. Re1 Ndxe5 13. dxe5 e6 14. Qh5 Qe8
15. Qe2 f6 16. exf6 Rxf6 17. Nd2 Rf7 18. Qxe6 Qxe6 19. Rxe6 Re7 20. Rxe7 Nxe7
21. Nf3 Ng6 22. Bd6 Rd8 23. Bc5 b6 24. Bd4 Bxd4 25. Nxd4 Ne7 26. Re1 Kf7 27.
Rxe7+ Kxe7 28. Nc6+ Kd7 29. Nxd8 Kxd8 30. g4 Ke7 31. f4 Kf6 32. Kf2 b5 33. Ke3
fxg4 34. hxg4 Ke6 35. Kd4 Kd6 36. b4 1-0

[Event "Sommerschach 2022 Vereinsspieler"]
[Site "Dortmund"]
[Date "2022.07.11"]
[Round "5.13"]
[White "Scholtyßek, Normann"]
[Black "Buyken, Florian"]
[Result "0-1"]
[WhiteElo "1540"]
[BlackElo "1894"]
[PlyCount "74"]
[EventDate "2022.07.??"]
[EventType "tourn"]
[EventRounds "7"]
[BlackTeam "PSV Duisburg"]

1. d4 e6 2. c4 f5 3. Nc3 Nf6 4. g3 Be7 5. Bg2 O-O 6. e3 d6 7. Nge2 e5 8. Qb3
Nc6 9. O-O Kh8 10. dxe5 dxe5 11. Rd1 Qe8 12. Qb5 Be6 13. c5 a6 14. Bxc6 bxc6
15. Qa5 Bd7 16. b3 Qh5 17. Kg2 f4 18. exf4 Qh3+ 19. Kf3 e4+ 20. Ke3 Ng4+ 21.
Kd2 Nxf2 22. Re1 e3+ 23. Kxe3 Ng4+ 24. Kd2 Bf5 25. Nd4 Rad8 26. Nce2 Rd5 27.
Bb2 Bxc5 28. Qa4 Qxh2 29. Kc3 Bxd4+ 30. Nxd4 Qxg3+ 31. Kb4 c5+ 32. Ka3 cxd4 33.
Bxd4 Rdd8 34. Re7 Rg8 35. Rg1 Qd3 36. Bc5 Qd5 37. Bb4 a5 0-1

[Event "Sommerschach 2022 Vereinsspieler"]
[Site "Dortmund"]
[Date "2022.07.11"]
[Round "5.14"]
[White "Borch, Roland"]
[Black "Werner, Patrick"]
[Result "0-1"]
[WhiteElo "1512"]
[BlackElo "1885"]
[PlyCount "26"]
[EventDate "2022.07.??"]
[EventType "tourn"]
[EventRounds "7"]
[WhiteTeam "SVG Marten-Bövinghausen"]
[BlackTeam "SC Hansa Dortmund"]

1. g3 d5 2. Bg2 c6 3. c4 Bf5 4. cxd5 cxd5 5. d3 e6 6. Qb3 Qc8 7. Bd2 Nf6 8. Nf3
Nc6 9. O-O Be7 10. Na3 O-O 11. Rac1 Qd7 12. Rfd1 Bg4 13. e4 Bxf3 0-1

[Event "Sommerschach 2022 Vereinsspieler"]
[Site "Dortmund"]
[Date "2022.07.11"]
[Round "5.15"]
[White "Schmidt, Ralph"]
[Black "Zhang, Jingfu"]
[Result "1-0"]
[WhiteElo "1960"]
[BlackElo "1640"]
[PlyCount "51"]
[EventDate "2022.07.??"]
[EventType "tourn"]
[EventRounds "7"]
[WhiteTeam "SV Bochum-Linden"]
[BlackTeam "SC Hansa Dortmund"]

1. e4 e6 2. Nc3 d5 3. exd5 exd5 4. Qf3 Nf6 5. d4 Nc6 6. Bb5 Be7 7. Nge2 O-O 8.
Bg5 Bg4 9. Qf4 Be6 10. h4 h6 11. Bxf6 Bxf6 12. O-O-O Ne7 13. Bd3 Ng6 14. Bxg6
fxg6 15. Qg3 g5 16. hxg5 Bxg5+ 17. f4 Rxf4 18. Nxf4 Qd6 19. Nce2 Qa6 20. Kb1
Bf5 21. Nd3 Re8 22. Nc3 Re3 23. Qxc7 Bxd3 24. Rxd3 Rxd3 25. Qc8+ Kh7 26. Qf5+
1-0

[Event "Sommerschach 2022 Vereinsspieler"]
[Site "Dortmund"]
[Date "2022.07.11"]
[Round "5.16"]
[White "Lin, Yi"]
[Black "Jähnicke, Karl-Heinz"]
[Result "1-0"]
[WhiteElo "1872"]
[BlackElo "1823"]
[PlyCount "131"]
[EventDate "2022.07.??"]
[EventType "tourn"]
[EventRounds "7"]
[WhiteTeam "SC Hansa Dortmund"]
[BlackTeam "SV Rochade Eving"]

1. e4 e5 2. Nf3 d6 3. d3 Nf6 4. g3 Be7 5. Bg2 O-O 6. O-O Bg4 7. h3 Bd7 8. c3 c5
9. Re1 Nc6 10. Na3 Qc7 11. Nc2 Rad8 12. Qe2 b5 13. Bg5 h6 14. Bxf6 Bxf6 15. Ne3
Be6 16. Nd2 Qd7 17. Kh2 Bg5 18. Rf1 Qc8 19. f4 Be7 20. f5 Bd7 21. Nd5 Rde8 22.
f6 Bd8 23. Qh5 Be6 24. fxg7 Kxg7 25. Ne3 Bg5 26. Rae1 Ne7 27. Nf3 Bxe3 28. Rxe3
Ng6 29. Nh4 Nxh4 30. gxh4 Qd8 31. Ref3 Qe7 32. Rf6 Qxf6 33. Rxf6 Kxf6 34. d4
Bxa2 35. Qf5+ Kg7 36. dxc5 dxc5 37. Qd7 a6 38. Qc6 Re6 39. Qxc5 Rd8 40. Qf2 Bc4
41. h5 a5 42. Qg3+ Kh7 43. Qf3 Kg7 44. Qg4+ Kf8 45. Qg3 Rd2 46. Qe3 Rxb2 47.
Qc5+ Kg7 48. Kg3 Rb3 49. Bf3 Rxc3 50. Qg1 a4 51. Kh4+ Kh7 52. Bg4 Re8 53. Bd7
Re7 54. Bf5+ Kh8 55. Qc5 Re8 56. Qc6 Re6 57. Bxe6 fxe6 58. Qe8+ Kg7 59. Qg6+
Kf8 60. Qxh6+ Ke7 61. Qg7+ Kd6 62. Qf8+ Kc6 63. Qa8+ Kc5 64. h6 Bf1 65. Qf8+
Kd4 66. Qxf1 1-0

[Event "Sommerschach 2022 Vereinsspieler"]
[Site "Dortmund"]
[Date "2022.07.11"]
[Round "5.17"]
[White "Brügmann, Cedric"]
[Black "Grube, Jörg"]
[Result "1-0"]
[WhiteElo "1626"]
[BlackElo "1815"]
[PlyCount "89"]
[EventDate "2022.07.??"]
[EventType "tourn"]
[EventRounds "7"]
[WhiteTeam "SG Bochum"]
[BlackTeam "FS Dortmund"]

1. e4 e5 2. Nf3 Nc6 3. Bc4 Bc5 4. c3 Nf6 5. d3 a5 6. O-O d6 7. Nbd2 O-O 8. Re1
h6 9. h3 Be6 10. Bb5 Ne7 11. d4 exd4 12. cxd4 Ba7 13. Nf1 d5 14. e5 Ne4 15. Bd3
Bf5 16. Qc2 Nc6 17. Be3 Nb4 18. Qb3 Nxd3 19. Qxd3 Qd7 20. Qe2 Bh7 21. N1d2 f6
22. Nxe4 dxe4 23. Qc4+ Kh8 24. e6 Qe7 25. Nd2 f5 26. d5 b6 27. Qc6 Qb4 28. b3
f4 29. a3 Qe7 30. Bd4 f3 31. Nxe4 fxg2 32. Kxg2 Rad8 33. Kh2 Qh4 34. Qxc7 Bb8
35. Bxg7+ Kg8 36. Be5 Bxc7 37. Rg1+ Qg5 38. Rxg5+ hxg5 39. Bxc7 Bxe4 40. Bxd8
Rxd8 41. e7 Re8 42. d6 Bf5 43. Rg1 Kf7 44. Rxg5 Ke6 45. Rxf5 1-0

[Event "Sommerschach 2022 Vereinsspieler"]
[Site "Dortmund"]
[Date "2022.07.11"]
[Round "5.18"]
[White "Lebioda-Dette, Kordula"]
[Black "Blockhaus, Tobias"]
[Result "0-1"]
[WhiteElo "1693"]
[BlackElo "1759"]
[PlyCount "90"]
[EventDate "2022.07.??"]
[EventType "tourn"]
[EventRounds "7"]
[WhiteTeam "SF Essen-Werden"]

1. e4 c5 2. Nf3 d6 3. Be2 Nf6 4. d3 g6 5. Bg5 Bg7 6. c3 O-O 7. O-O Nc6 8. Na3
Bd7 9. Nc4 b5 10. Ne3 a5 11. h3 Re8 12. Qd2 Qb6 13. Bxf6 exf6 14. Nd5 Qb8 15.
Nh2 Ne7 16. Nxe7+ Rxe7 17. Bf3 Bc6 18. Rfe1 Qb7 19. Rad1 b4 20. Qf4 d5 21. Qd6
dxe4 22. dxe4 bxc3 23. bxc3 Rd7 24. Qxc5 Rxd1 25. Rxd1 Bxe4 26. Bxe4 Qxe4 27.
Nf3 Qa4 28. Qd5 Rc8 29. Rd4 Qa3 30. Rc4 Rb8 31. Kh2 Bf8 32. Rc6 Bg7 33. g3 Rb2
34. Rc8+ Bf8 35. Kg2 Qxa2 36. Qd4 Qa3 37. Qxf6 Rb7 38. Qd4 Qe7 39. Ra8 Rb5 40.
Rc8 Rf5 41. Rd8 Qb7 42. Qd3 a4 43. Rd4 Ra5 44. Rf4 a3 45. Kh2 a2 0-1

[Event "Sommerschach 2022 Vereinsspieler"]
[Site "Dortmund"]
[Date "2022.07.11"]
[Round "5.20"]
[White "Mücke, Lukas Benedikt"]
[Black "Ropel, Dennis"]
[Result "1/2-1/2"]
[WhiteElo "1463"]
[BlackElo "1725"]
[PlyCount "130"]
[EventDate "2022.07.??"]
[EventType "tourn"]
[EventRounds "7"]
[WhiteTeam "SV Waltrop"]
[BlackTeam "SG Mengede"]

1. e4 d6 2. d4 Nf6 3. Nc3 g6 4. Be3 Bg7 5. f3 Nc6 6. Qd2 h5 7. Be2 e5 8. dxe5
Nxe5 9. f4 Nc6 10. Nf3 Bd7 11. e5 dxe5 12. fxe5 Ng4 13. Bg5 Qc8 14. Ne4 Ncxe5
15. Nxe5 Bxe5 16. Bxg4 Bxg4 17. Qb4 Qe6 18. Qxb7 O-O 19. Qb3 Qa6 20. Qd3 Qxd3
21. cxd3 Bxb2 22. Rb1 Bd4 23. Nf6+ Kg7 24. Nxg4 hxg4 25. Kd2 Rfe8 26. Rb4 c5
27. Rb7 Reb8 28. Rhb1 Be5 29. h3 gxh3 30. gxh3 a6 31. Be3 Rh8 32. Rf1 Bf6 33.
Rb6 Be7 34. Rb7 Bf6 35. Rb6 Bd4 36. Bxd4+ cxd4 37. Rb7 Raf8 38. Rf3 Rh5 39. a4
Ra5 40. Rb4 Rd5 41. Rb6 Ra5 42. Rb4 Ra8 43. Rf4 Rd5 44. h4 Ra7 45. Ke2 f6 46.
Kf3 Rd6 47. Kg4 Kh6 48. Rb8 Kg7 49. Rb4 Kf7 50. Rc4 Rd5 51. Kf3 f5 52. Kg3 Kf6
53. Rf2 g5 54. hxg5+ Kxg5 55. Rf4 Re7 56. Rc8 Re6 57. Rg8+ Kf6 58. Rf8+ Kg6 59.
Rf3 Re3 60. Kf4 Rxf3+ 61. Kxf3 Ra5 62. Kf4 Rxa4 63. Rxf5 a5 64. Ke4 Ra1 65. Rb5
Kf6 1/2-1/2

[Event "Sommerschach 2022 Vereinsspieler"]
[Site "Dortmund"]
[Date "2022.07.11"]
[Round "5.21"]
[White "Krug, Michael"]
[Black "Schwedhelm, Dennis"]
[Result "1-0"]
[WhiteElo "1891"]
[BlackElo "1227"]
[PlyCount "37"]
[EventDate "2022.07.??"]
[EventType "tourn"]
[EventRounds "7"]
[WhiteTeam "SC Wambel"]
[BlackTeam "SV Erkenschwick"]

1. e4 Nf6 2. Nc3 d6 3. d4 g6 4. Be3 Bg7 5. Qd2 O-O 6. O-O-O Nbd7 7. f3 Re8 8.
g4 e5 9. d5 b6 10. h4 h5 11. Bg5 Bb7 12. Nge2 Qc8 13. Bh3 Nf8 14. gxh5 Qb8 15.
hxg6 Nxg6 16. Rdg1 Bc8 17. Bxc8 Qxc8 18. h5 Nf8 19. Bxf6 1-0